000 00715cam a22002533a 4500
001 32847
003 PGUSA
005 20140828083718.0
008 100617s2010||||xxu|||||s|||||000 1 eng d
040 _aPGUSA
_beng
042 _adc
050 4 _aPS
100 1 _aHamilton, Edmond,
_d1904-1977
245 1 4 _aThe Door into Infinity
_h[electronic resource] /
_cEdmond Hamilton
260 _bProject Gutenberg,
_c2010
506 _aPublic domain in the USA.
516 _aElectronic text
653 _aAmericans -- England -- Fiction
653 _aAdventure stories
653 _aKidnapping -- Fiction
830 0 _aProject Gutenberg
_v32847
856 4 0 _uhttp://www.gutenberg.org/ebooks/32847
942 _cEB
999 _c262102
_d262102